Current Issues and Enduring Questions : (Record no. 13985)
[ view plain ]
| 000 -LEADER | |
|---|---|
| fixed length control field | 00966cac a22002771u 4500 |
| 008 - FIXED-LENGTH DATA ELEMENTS--GENERAL INFORMATION | |
| fixed length control field | 081111t2008 xxu||||| |||| 00| 0 eng d |
| 010 ## - LIBRARY OF CONGRESS CONTROL NUMBER | |
| LC control number | 2004102682 |
| 020 ## - INTERNATIONAL STANDARD BOOK NUMBER | |
| International Standard Book Number | 9780312459864 |
| 020 ## - INTERNATIONAL STANDARD BOOK NUMBER | |
| International Standard Book Number | 0321459866 |
| 035 ## - SYSTEM CONTROL NUMBER | |
| System control number | (DLC) 2004102682 |
| 082 ## - DEWEY DECIMAL CLASSIFICATION NUMBER | |
| Classification number | 168 |
| Item number | BAR |
| 100 ## - MAIN ENTRY--PERSONAL NAME | |
| Personal name | Barnet, Sylvan. |
| 9 (RLIN) | 13975 |
| 245 10 - TITLE STATEMENT | |
| Title | Current Issues and Enduring Questions : |
| Remainder of title | A Guide to Critical Thinking and Argument, with Readings / |
| Statement of responsibility, etc | Sylvan Barnet, Hugo Bedau. |
| 250 ## - EDITION STATEMENT | |
| Edition statement | 8th ed. |
| 260 ## - PUBLICATION, DISTRIBUTION, ETC. (IMPRINT) | |
| Place of publication, distribution, etc | Boston, MA : |
| Name of publisher, distributor, etc | Bedford/St. Martins, |
| Date of publication, distribution, etc | c2008. |
| 300 ## - PHYSICAL DESCRIPTION | |
| Extent | xxxviii, 996p. : |
| Dimensions | 24 cm. |
| Other physical details | ill.; |
| 500 ## - GENERAL NOTE | |
| General note | "Includes 2009 MLA & 2010 APA Updates"--- Cover |
| 504 ## - BIBLIOGRAPHY, ETC. NOTE | |
| Bibliography, etc | Includes bibliographical references and index. |
| 650 ## - SUBJECT ADDED ENTRY--TOPICAL TERM | |
| Topical term or geographic name as entry element | Social ethics |
| 9 (RLIN) | 13978 |
| 650 ## - SUBJECT ADDED ENTRY--TOPICAL TERM | |
| Topical term or geographic name as entry element | Religion |
| 9 (RLIN) | 13979 |
| 650 ## - SUBJECT ADDED ENTRY--TOPICAL TERM | |
| Topical term or geographic name as entry element | Psychology |
| 9 (RLIN) | 8403 |
| Form subdivision | Style manuals. |
| General subdivision | Authorship |
| 650 ## - SUBJECT ADDED ENTRY--TOPICAL TERM | |
| 9 (RLIN) | 13976 |
| Topical term or geographic name as entry element | Reasoning |
| 650 ## - SUBJECT ADDED ENTRY--TOPICAL TERM | |
| 9 (RLIN) | 13977 |
| Topical term or geographic name as entry element | Logic |
| 700 1# - ADDED ENTRY--PERSONAL NAME | |
| Personal name | Bedau, Hugo |
| 9 (RLIN) | 13980 |
| 942 ## - ADDED ENTRY ELEMENTS (KOHA) | |
| Item type | Book - Borrowing |
| Call number prefix | 168 BAR |
| Source of classification or shelving scheme | Dewey Decimal Classification |
| Withdrawn status | Item status | Source of classification or shelving scheme | Damaged status | Not for loan | Vendor | Home library | Current library | Shelving location | Date acquired | Source of acquisition | Cost, normal purchase price | Serial Enumeration / chronology | Total Checkouts | Total Renewals | Full call number | Barcode | Date last seen | Date last borrowed | Koha item type |
|---|---|---|---|---|---|---|---|---|---|---|---|---|---|---|---|---|---|---|---|
| Dewey Decimal Classification | Baccah | Central Library | Central Library | Lower Floor | 15/05/2010 | 280.00 | 10267 | 1 | 1 | 168 BAR | 000020818 | 15/07/2025 | 01/06/2015 | Book - Borrowing | |||||
| Dewey Decimal Classification | Baccah | Central Library | Central Library | Lower Floor | 15/05/2010 | 280.00 | 10267 | 5 | 1 | 168 BAR | 000020819 | 15/07/2025 | 31/07/2017 | Book - Borrowing |